Giáo dục đào tạo Nhật Bản: Bài học kinh nghiệm cho Việt Nam /

Na minha lista:
Detalhes bibliográficos
Autor principal: Phạm Thị Thanh Bình
Formato: Atigo
Idioma:Vietnamese
Assuntos:
Tags: Adicionar Tag
Sem tags, seja o primeiro a adicionar uma tag!
Thư viện lưu trữ: Thư viện Trường Đại học Đà Lạt
LEADER 00832nam a2200277 4500
001 DLU140164189
005 ##20140918
040 # # |a DLU  |b vie 
041 # # |a vie 
044 # # |a vn 
100 # # |a Phạm Thị Thanh Bình 
245 # # |a Giáo dục đào tạo Nhật Bản: Bài học kinh nghiệm cho Việt Nam /  |c Phạm Thị Thanh Bình 
653 # # |a Bài học 
653 # # |a Giáo dục đào tạo 
653 # # |a Nhật Bản 
653 # # |a Việt Nam 
773 # # |t Tạp chí Khoa học Xã hội Việt Nam  |g Số 2(63), 2013, tr. 66-75 
920 # # |a Phòng Tạp chí -- Trung tâm Thông tin - Thư viện Trường Đại học Đà Lạt 
994 # # |a DLU 
900 # # |a True 
911 # # |a Nguyễn Thị Tưởng 
925 # # |a G 
926 # # |a A 
927 # # |a BB 
980 # # |a Thư viện Trường Đại học Đà Lạt